Normal view MARC view

Entry Personal Name

Number of records used in: 2

001 - CONTROL NUMBER

  • control field: 54735

003 - CONTROL NUMBER IDENTIFIER

  • control field: dpl

005 - DATE AND TIME OF LATEST TRANSACTION

  • control field: 20130114105844.0

008 - FIXED-LENGTH DATA ELEMENTS

  • fixed length control field: 130114|||a|||||| | ||| d

040 ## - CATALOGING SOURCE

  • Original cataloging agency: dpl
  • Transcribing agency: dpl

100 ## - HEADING--PERSONAL NAME

  • Personal name: गौर, जय राम सिंह

670 ## - SOURCE DATA FOUND

  • Source citation: Work cat.: (dpl)66808: गौर, जय राम सिंह, मेरे गांव का किंग एडव्रर्ड/, 2011

670 ## - SOURCE DATA FOUND

  • Source citation: Work cat.: (dpl)66808: गौर, जय राम सिंह, मेरे गांव का किंग एडव्रर्ड/, 2011

© Delhi Public Library
Hit Counter
free hit counter